00325nam a2200121Ia 4500008004100000041000800041082001200049100004100061245002300102260005400125300001300179365001100192240624s9999 xx 000 0 und d aeng a823 UOC aCAMBRIDGE INTERNATIONAL EXAMINATIONS aSONGS OF OURSELVES c2005aNew DelhibCambridge University Press India a265 : p. cRSb32